<?xml version="1.0" encoding="UTF-8"?>
<record
    xmlns:xsi="http://www.w3.org/2001/XMLSchema-instance"
    xsi:schemaLocation="http://www.loc.gov/MARC21/slim http://www.loc.gov/standards/marcxml/schema/MARC21slim.xsd"
    xmlns="http://www.loc.gov/MARC21/slim">

  <leader>01318nam a22002177a 4500</leader>
  <datafield tag="999" ind1=" " ind2=" ">
    <subfield code="c">59084</subfield>
    <subfield code="d">59084</subfield>
  </datafield>
  <controlfield tag="003">Ge_BSU</controlfield>
  <controlfield tag="005">20221122120143.0</controlfield>
  <controlfield tag="008">221122s1977ge  xxu||||| |||| 00| 0 geo d</controlfield>
  <datafield tag="041" ind1=" " ind2=" ">
    <subfield code="a">geo</subfield>
  </datafield>
  <datafield tag="080" ind1=" " ind2=" ">
    <subfield code="a">821.511.112-13 + 821.511.111-13 &#x10D9;-18</subfield>
  </datafield>
  <datafield tag="245" ind1=" " ind2=" ">
    <subfield code="a">&#x10D9;&#x10D0;&#x10DA;&#x10D4;&#x10D5;&#x10D0;&#x10DA;&#x10D0; :</subfield>
    <subfield code="b"> &#x10D9;&#x10D0;&#x10E0;&#x10D4;&#x10DA;&#x10E3;&#x10E0;-&#x10E4;&#x10D8;&#x10DC;&#x10E3;&#x10E0;&#x10D8; &#x10EE;&#x10D0;&#x10DA;&#x10EE;&#x10E3;&#x10E0;&#x10D8; &#x10D4;&#x10DE;&#x10DD;&#x10E1;&#x10D8;</subfield>
    <subfield code="c"> [&#x10DD;. &#x10D9;&#x10E3;&#x10E3;&#x10E1;&#x10D8;&#x10DC;&#x10D4;&#x10DC;&#x10D8;&#x10E1; &#x10D2;&#x10D0;&#x10DB;&#x10DD;&#x10D9;&#x10D5;&#x10DA;&#x10D4;&#x10D5;&#x10D8;&#x10D7;: &#x10D4;&#x10DE;&#x10DD;&#x10E1;&#x10D8; "&#x10D9;&#x10D0;&#x10DA;&#x10D4;&#x10D5;&#x10D0;&#x10DA;&#x10D0;" &#x10D3;&#x10D0; &#x10DB;&#x10D8;&#x10E1;&#x10D8; &#x10E8;&#x10D4;&#x10DB;&#x10E5;&#x10DB;&#x10DC;&#x10D4;&#x10DA;&#x10D4;&#x10D1;&#x10D8;] / &#x10DB;&#x10D7;&#x10D0;&#x10E0;&#x10D2;&#x10DB;&#x10DC;.: &#x10DB;. &#x10DB;&#x10D0;&#x10ED;&#x10D0;&#x10D5;&#x10D0;&#x10E0;&#x10D8;&#x10D0;&#x10DC;&#x10D8;, &#x10E8;. &#x10E9;&#x10D0;&#x10DC;&#x10E2;&#x10DA;&#x10D0;&#x10EB;&#x10D4;,  &#x10D2;.&#x10EB;&#x10DC;&#x10D4;&#x10DA;&#x10D0;&#x10EB;&#x10D4; .</subfield>
  </datafield>
  <datafield tag="264" ind1=" " ind2=" ">
    <subfield code="a">&#x10D7;&#x10D1;&#x10D8;&#x10DA;&#x10D8;&#x10E1;&#x10D8;:</subfield>
    <subfield code="b"> &#x10E1;&#x10D0;&#x10D1;&#x10ED;. &#x10E1;&#x10D0;&#x10E5;&#x10D0;&#x10E0;&#x10D7;&#x10D5;&#x10D4;&#x10DA;&#x10DD;, </subfield>
    <subfield code="c">1977.</subfield>
  </datafield>
  <datafield tag="300" ind1=" " ind2=" ">
    <subfield code="a">665 &#x10D2;&#x10D5;. ; </subfield>
    <subfield code="b">21 &#x10E1;&#x10DB;.</subfield>
  </datafield>
  <datafield tag="440" ind1=" " ind2=" ">
    <subfield code="a">&#x10DB;&#x10E1;&#x10DD;&#x10E4;&#x10DA;&#x10D8;&#x10DD; &#x10DA;&#x10D8;&#x10E2;&#x10D4;&#x10E0;&#x10D0;&#x10E2;&#x10E3;&#x10E0;&#x10D8;&#x10E1; &#x10D1;&#x10D8;&#x10D1;&#x10DA;&#x10D8;&#x10DD;&#x10D7;&#x10D4;&#x10D9;&#x10D0; ; &#x10E2;. 10</subfield>
    <subfield code="9">15981</subfield>
  </datafield>
  <datafield tag="653" ind1=" " ind2=" ">
    <subfield code="a">&#x10D9;&#x10D0;&#x10DA;&#x10D4;&#x10D5;&#x10D0;&#x10DA;&#x10D0;</subfield>
  </datafield>
  <datafield tag="653" ind1=" " ind2=" ">
    <subfield code="a">&#x10DB;&#x10EE;&#x10D0;&#x10E2;&#x10D5;&#x10E0;&#x10E3;&#x10DA;&#x10D8; &#x10DA;&#x10D8;&#x10E2;&#x10D4;&#x10D0;&#x10E0;&#x10E2;&#x10E3;&#x10E0;&#x10D0;</subfield>
  </datafield>
  <datafield tag="700" ind1=" " ind2=" ">
    <subfield code="a"> &#x10DB;&#x10D0;&#x10ED;&#x10D0;&#x10D5;&#x10D0;&#x10E0;&#x10D8;&#x10D0;&#x10DC;&#x10D8;, &#x10DB;.</subfield>
    <subfield code="q">&#x10DB;&#x10D7;&#x10D0;&#x10E0;&#x10D2;&#x10DB;&#x10DC;&#x10D4;&#x10DA;&#x10D8;</subfield>
    <subfield code="9">15982</subfield>
  </datafield>
  <datafield tag="700" ind1=" " ind2=" ">
    <subfield code="a"> &#x10E9;&#x10D0;&#x10DC;&#x10E2;&#x10DA;&#x10D0;&#x10EB;&#x10D4;,  &#x10E8;</subfield>
    <subfield code="e">&#x10DB;&#x10D7;&#x10D0;&#x10E0;&#x10D2;&#x10DB;&#x10DC;&#x10D4;&#x10DA;&#x10D8;</subfield>
    <subfield code="9">15983</subfield>
  </datafield>
  <datafield tag="700" ind1=" " ind2=" ">
    <subfield code="a">&#x10EB;&#x10DC;&#x10D4;&#x10DA;&#x10D0;&#x10EB;&#x10D4;,  &#x10D2;.</subfield>
    <subfield code="e">&#x10DB;&#x10D7;&#x10D0;&#x10E0;&#x10D2;&#x10DB;&#x10DC;&#x10D4;&#x10DA;&#x10D8;</subfield>
    <subfield code="9">15984</subfield>
  </datafield>
  <datafield tag="942" ind1=" " ind2=" ">
    <subfield code="2">udc</subfield>
    <subfield code="c">BK</subfield>
  </datafield>
  <datafield tag="952" ind1=" " ind2=" ">
    <subfield code="0">0</subfield>
    <subfield code="1">0</subfield>
    <subfield code="2">udc</subfield>
    <subfield code="4">0</subfield>
    <subfield code="6">82151111213__82151111113_&#x10D9;18</subfield>
    <subfield code="7">0</subfield>
    <subfield code="9">93039</subfield>
    <subfield code="a">CPL</subfield>
    <subfield code="b">CPL</subfield>
    <subfield code="c">GEN</subfield>
    <subfield code="d">2022-11-22</subfield>
    <subfield code="g">10.00</subfield>
    <subfield code="o">821.511.112-13 + 821.511.111-13 &#x10D9;-18</subfield>
    <subfield code="p">63148</subfield>
    <subfield code="r">2022-11-22</subfield>
    <subfield code="t">63148</subfield>
    <subfield code="w">2022-11-22</subfield>
    <subfield code="y">BK</subfield>
    <subfield code="z">10.00</subfield>
  </datafield>
</record>
